000 00504nam a2200181Ia 4500
008 090123s9999 xx 000 0 und d
082 _b13421
100 _aखांडेकर दिवाकर
245 _aदरवळ
250 _a1
260 _bमुक्ता प्रकाशन
300 _a216
600 _aखांडेकर दिवाकर
630 _aदरवळ
700 _aखांडेकर दिवाकर
730 _aदरवळ
942 _cBOOK
999 _c51484
_d51484